| 000 | 00344 a2200109 4500 | ||
|---|---|---|---|
| 020 | _a8170354250 | ||
| 082 | _a363.34 SRI | ||
| 100 | _aSrivastava, H. N. | ||
| 245 |
_aManagement of Natural Disasters in Developing Countries _cH. N. Srivastava |
||
| 260 |
_aDelhi : _bDaya Publishing House, _c2006 |
||
| 300 |
_axiv,201p. : _bill ., pics., ; _c25 cm |
||
| 650 | _aNatural Disaster | ||
| 999 |
_c412 _d412 |
||